01431nam a22003617a 4500003000500000005001700005008004100022010001000063011001000073035001000083040000900093090001000102100004600112245017400158260003900332300001800371502009500389590003700484590004100521590004100562590004100603590004200644650003600686650003500722650004600757650003500803650003500838901000700873942001000880949003500890999001700925952012700942CHAP20220329134149.0971013s1977 r 00010 d a16392 a17364 a21447 cCHAP aTesis00aGuzmán Cárdenas, Luis Ignacio.951931 aInforme de servicio social; ejidosb: San Pedro Cieneguilla, El Niágara y Los Cuervos del estado de Aguascalientes (Centros CONASUPO de Capacitación Campesina, S.C.) aMéxico, D.F., :bEl autor,c1977 a38 h.b: ilus aTesis (Médico Veterinario Zootecnista) -- UNAM. Fac. de Medicina Veterinaria y Zootecnia aALEPHb10c20130110lUCH01h1239 aBATCH-UPDb10c20130110lUCH01h2007 aBATCH-UPDb10c20130410lUCH01h1327 aBATCH-UPDb10c20130914lUCH01h1331 aCONVERSIONb10c20130109lUCH01h131014aEjido El Niágara, Ags.93589614aEjido Los Cuervos, Ags.93594114aEjido San Pedro Cieneguillas, Ags.93598214aEjidosxAguascalientes.93600314aServicio social rural.9105320 aBK cTESIS bBCcTESd-49982eTS1i21447si c16392d16392 00102local4051718TESISaBCbBCcPA_TESISd2012-12-17fTESISl0oTesisp-49982r2019-12-31 00:00:00w2019-12-31yTESIS